Statistics for Provinces of Spain

Click here to take the quiz!

General Stats

  • This quiz has been taken 620 times
  • The average score is 33 of 50

Answer Stats

Answer% Correct
Barcelona
91%
Madrid
91%
Valencia
89%
Seville
86%
Murcia
80%
Zaragoza
79%
Granada
78%
Malaga
77%
A Coruna
75%
Alicante
74%
Toledo
74%
Leon
73%
Cordoba
72%
Tarragona
72%
Asturias
71%
Cadiz
70%
Girona
70%
Huelva
69%
Salamanca
68%
Valladolid
68%
Badajoz
67%
La Rioja
67%
Jaen
66%
Almeria
65%
Cantabria
65%
Lleida
65%
Lugo
65%
Santa Cruz de Tenerife
65%
Huesca
63%
Burgos
62%
Caceres
62%
Las Palmas
62%
Castellon
61%
Ourense
61%
Avila
59%
Albacete
58%
Ciudad Real
58%
Teruel
58%
Palencia
57%
Pontevedra
57%
Segovia
57%
Guadalajara
54%
Alava
52%
Cuenca
52%
Biscay
51%
Zamora
51%
Soria
50%
Balearic Islands
48%
Gipuzkoa
48%
Navarre
47%

Score Distribution

Percentile by Number Answered

Percent of People with Each Score

Your Score History

You have not taken this quiz